| 000 | 00327nam a22001337a 4500 | ||
|---|---|---|---|
| 003 | SGT | ||
| 082 |
_a617.525 _bU13G |
||
| 100 | _aGULIA, SUNIL | ||
| 245 | _aUSEAND ACCURACY OF SURGICAL STENT FOR PLACING | ||
| 260 |
_aDELHI NCR _bSGT UNIVERSITY GURUGRAM _c2013 |
||
| 300 | _a1-55 | ||
| 650 | _aORAL SURGERY | ||
| 942 |
_2ddc _cTH |
||
| 999 |
_c18906 _d18906 |
||